| 000 | 00342nam a2200121Ia 4500 | ||
|---|---|---|---|
| 008 | 190216s9999||||xx |||||||||||||| ||und|| | ||
| 100 | _aLinus Pauling And Bright Wilson | ||
| 245 | 0 | _aIntroduction To Quantum Mechanics With Applications To Chemistry | |
| 260 |
_bDover Publications _c2008 |
||
| 300 | _a466 | ||
| 650 | _aChemistry | ||
| 942 | _cBK | ||
| 999 |
_c3660 _d3660 |
||